| 000 | 01129nam a2200337 i 4500 | ||
|---|---|---|---|
| 001 | 13188 | ||
| 003 | KOSZ 005 | ||
| 005 | 20220608144050.0 | ||
| 008 | 071029s1968 pl a f |000 0 pol | ||
| 015 | _aPB 1968/4965 | ||
| 040 |
_aWA N _cWA N _dKOSZ 005/HR |
||
| 041 | 1 |
_apol _heng |
|
| 046 | _k13188 | ||
| 080 | _a62-5 | ||
| 080 | _a681.5 | ||
| 100 | 1 |
_aGibson, John E. _eAutor |
|
| 245 | 1 | 0 |
_aNieliniowe układy sterowania automatycznego / _c John E. Gibson ; tł. Jerzy Jaczewski [et al.]. |
| 246 | 1 |
_iTyt. oryg.: _aNonlinear automatic control. |
|
| 260 |
_aWarszawa : _bWydawnictwa Naukowo-Techniczne, _cdr. 1968. |
||
| 300 |
_a531, [1] s. : _bil. ; _c23 cm. |
||
| 380 | _aKsiążki | ||
| 388 | _a1901-2000 | ||
| 388 | _a1945-1989 | ||
| 650 | 4 | _aAutomatyka | |
| 650 | 4 | _aUrządzenia sterujące | |
| 658 | _aInżynieria i technika | ||
| 700 | 1 |
_aJaczewski, Jerzy _d(1918-2000) _eTłumaczenie |
|
| 710 | 2 |
_aWydawnictwa Naukowo-Techniczne _4pbl. |
|
| 856 |
_uhttp://koha.tu.koszalin.pl/cgi-bin/koha/opac-detail.pl?biblionumber=13188 _yKatalog online BPK |
||
| 942 |
_2UKD _cKS |
||
| 999 |
_c13188 _d13188 |
||